000 00613nam a2200181 a 4500
005 20140412111308.0
008 050418s19uu xx 00 eng d
020 _a0-7214-1526-1
050 _aKIT 414
_bSa99 1993
100 _aCorby, Jill
245 _aPirate's treasure, bk.4 /
_cby Jill Corby ; illustrated by Ray Mutimer.
260 _aLicestershire, UK :
_bLadybird Books Ltd,
_c1993.
300 _a43 p. ; ill.
440 _aSay the sounds Phonics Reading Scheme
500 _aSounds featured in this book b, p, k, bl, br, pr, pl, ph, kn.
650 _aPhonology
_xJuvenile literature
999 _c103822
_d103822